00321cam a22001097a 4500008004000000020001700040245006000057260004500117300001000162650002000172700001900192180718b2001 xxu||||| |||| 00| 0 eng d a8186622 37 3 aLala lajpat rai aur najdeek secedited by Vishnu Sharan aNew DelhibHerman Publishing Housec2001 a245p. aLala lajpat rai aSharan, Vishnu